000 01229nam a2200361 i 4500
001 12990
003 KOSZ 005
005 20211014140637.0
008 071014s1968 pl a f 000 0 pol
015 _aPB 1968/10408
040 _aWA N
_cWA N
_dKOSZ 005/RW
_dKOSZ 005/HR
041 1 _apol
_hrus
046 _k1968
080 _a621.9
080 _a662.1/.4
245 0 0 _aTłoczenie wybuchowe /
_cW. G. Stiepanow [et al.] ; tł. z ros. Feliks Seyna.
246 1 _iTyt. oryg.:
_aGidrovzryvnaâ štampovka elementov sudovyh konstrukcij.
260 _aWarszawa :
_b,Wydawnictwa Naukowo-Techniczne
_c1968.
300 _a295, [1] s. :
_bil. ;
_c23 cm.
380 _aKsiążki
388 _a1901-2000
388 _a1945-1989
504 _aBibliogr. s. 294-[296].
650 4 _aTłocznictwo
650 4 _aMateriały wybuchowe
650 4 _aHydrodynamika
658 _aInżynieria i technika
700 1 _aStepanov, Vsevolod Georgeevič
_eAutor
700 1 _aSeyna, Feliks
_eTłumaczenie
710 2 _aWydawnictwa Naukowo-Techniczne
_4pbl.
856 _uhttp://koha.tu.koszalin.pl/cgi-bin/koha/opac-detail.pl?biblionumber=12990
_yKatalog online BPK
942 _2UKD
_cKS
999 _c12990
_d12990